000 00483nam a2200205Ia 4500
003 OSt
005 20220923225206.0
006 a|||||r|||| 00| 0
007 ta
008 Pun
024 _a259,718
037 _cTextual
040 _aARTS
_cARTS
_bPun
041 _2Pun
_aPun
082 _aO168,3N12x, 153P3
245 0 _aਮੰਟੋ ਦਿਆਂ ਕਹਾਣਿਆਂ
260 _c2003
942 _hO168,3N12x, 153P3
_cTEXL
_2CC
999 _c376649
_d376649